000 00821nam a22002657a 4500
001 BR2017000563
003 BR-BrBNA
005 20230928105044.0
007 ta
008 230509b bl.||||| |||| 00| 0 por d
040 _aBR-BrBNA
_bpor
_cBiblioteca Nacional de Agricultura
041 _a(Por)
072 _aE50
090 _ E50 BR2017000563
100 1 _aCosta Filho, C.G. da
110 1 _aUniversidade Federal de Lavras, MG (Brasil)
_0Tese (Doutorado)
245 1 _aCapital cultural e o consumo de status na classe média brasileira
260 3 _aLavras, MG (Brasil):
_c2016.
300 _a386 p.
500 _aSummaries (Eng, Por); Several bibliography; 13 illus.; 26 tables
650 _aDESENVOLVIMENTO SOCIAL
650 _aPOPULAÇÃO HUMANA
909 _a202309
_bLucia
_c55
_dLucia Elande
942 _cBK
999 _c83164
_d83164